|
|
|
|
| LEADER |
00000cam a2200000 a 4500 |
| 003 |
Ucuenca |
| 005 |
20240113062618.0 |
| 008 |
010050|2010 uy |||||r|||||||||||spa|| |
| 020 |
|
|
|a 9789974823211
|
| 040 |
|
|
|b spa
|
| 041 |
0 |
|
|a es
|
| 082 |
0 |
|
|a 341.24
|
| 245 |
|
|
|a Tercer informe sobre la aplicación del derecho del mercosur por los tribunales nacionales (2005)
|c Secretaría del Mercosur y Fundación Konrad Adenauer, editores
|h imp
|
| 264 |
|
|
|a Uruguay
|b Secretaría del Mercosur. Konrad Adenauer Stiftung
|c 2010
|
| 300 |
|
|
|a 231 páginas:
|b ilu
|c 24 cm
|
| 504 |
|
|
|a incl. ref.
|
| 520 |
3 |
|
|a "Este documento de la Secretaría del Mercosur condensa sentencias dictadas en el año 2005 por los tribunales nacionales de los Estados partes, a través de las cuales se ha dado aplicación a los tratados y protocolos fundacionales y a las disposiciones dictadas por los órganos del bloque (CMC; GMC Y CCM)..."
|
| 650 |
|
|
|a Mercosur
|9 42992
|
| 650 |
|
|
|a Mormas mercosur
|9 226688
|
| 650 |
|
|
|a Ordenamiento juridico mercosur
|9 226689
|
| 650 |
|
|
|a Asuntos penales mercosur
|9 226690
|
| 650 |
|
4 |
|a Derecho
|9 229
|
| 710 |
1 |
|
|a Secretaría del Mercosur
|9 96475
|
| 710 |
2 |
|
|a Fundación Konrad Adenauer.
|9 21061
|
| 852 |
|
|
|a UC-CDJBV
|f Donación
|l 1
|m General
|p 20100503
|q 1.00
|r 2
|t si4837
|b 0
|d CDRC
|e CDRC
|g 341.24 PRIMER PISO
|z 2010-00-50
|
| 942 |
|
|
|c BK
|2 ddc
|r diana.fajardo@ucuenca.edu.ec
|
| 999 |
|
|
|c 58366
|d 58366
|